[Event "Asia-ch U20 Girls"]
[Site "Waskaduwa"]
[Date "2021.12.18"]
[Round "3"]
[White "Kannangara, Ginuri"]
[Black "Attanayake, Chanindi Mewna"]
[Result "0-1"]
[WhiteElo "1005"]
[BlackElo "1317"]
[PlyCount "160"]
[EventDate "2021.12.17"]
[EventType "swiss"]
[EventRounds "9"]
[EventCountry "SRI"]
[SourceTitle "CBM 206 Extra"]
[Source "ChessBase"]
[SourceDate "2022.03.31"]
[SourceVersion "1"]
[SourceVersionDate "2022.03.31"]
[SourceQuality "1"]

1. e4 c5 2. Nf3 e6 3. Nc3 a6 4. a3 Qc7 5. d3 d6 6. Be3 Nf6 7. h3 Be7 8. d4 cxd4 9. Bxd4 Nc6 10. Be3 b5 11. Bd3 Bb7 12. 0-0 0-0 13. b4 Nxb4 14. Nxb5 axb5 15. axb4 Nxe4 16. Bxb5 Nc3 17. Qd3 Nxb5 18. Qxb5 Bxf3 19. gxf3 Rxa1 20. Rxa1 Qxc2 21. Qd7 Bf6 22. Rc1 Qg6+ 23. Kf1 Qd3+ 24. Kg1 h6 25. b5 d5 26. b6 d4 27. Rc8 Qg6+ 28. Kf1 Qd3+ 29. Kg2 Qg6+ 30. Kf1 Qb1+ 31. Ke2 Qxb6 32. Rxf8+ Kxf8 33. Qc8+ Bd8 34. Bd2 Ke7 35. Qc4 Kf6 36. Kd3 Qb1+ 37. Ke2 Qb2 38. Kd3 Qb6 39. Qxd4+ Qxd4+ 40. Kxd4 Bb6+ 41. Ke4 Bxf2 42. Bc3+ Kg6 43. Kf4 f6 44. Bb4 Kh5 45. Bf8 g5+ 46. Ke4 Bg3 47. Kd4 Bf4 48. Kc5 f5 49. Kd4 Kg6 50. Kd3 h5 51. Bc5 g4 52. fxg4 fxg4 53. hxg4 hxg4 54. Ke4 e5 55. Kd3 Kf5 56. Ke2 g3 57. Bb6 e4 58. Kf1 Kg4 59. Kg2 Bd2 60. Bc7 Be1 61. Bb6 Kf4 62. Kf1 Bd2 63. Kg2 Kg4 64. Bc5 Bf4 65. Bb4 e3 66. Ba5 Bg5 67. Bc7 Bh4 68. Bd6 e2 69. Bb4 Kf4 70. Bd2+ Ke4 71. Ba5 Ke3 72. Bb4 Be7 73. Ba5 Bd6 74. Be1 Be5 75. Ba5 Kd3 76. Kf3 Bd6 77. Be1 Be5 78. Ba5 g2 79. Kxg2 Bc3 80. Bxc3 Kxc3 0-1